The poems of Robert Burns 1759-1796. (Record no. 2951)
[ view plain ]
| 000 -LEADER | |
|---|---|
| fixed length control field | 00885nac a22002771u 4500 |
| 003 - CONTROL NUMBER IDENTIFIER | |
| control field | EG-ScBUE |
| 005 - DATE AND TIME OF LATEST TRANSACTION | |
| control field | 20210517101041.0 |
| 008 - FIXED-LENGTH DATA ELEMENTS--GENERAL INFORMATION | |
| fixed length control field | 170918n enk f d 000 p eng d |
| 040 ## - CATALOGING SOURCE | |
| Original cataloging agency | EG-ScBUE |
| Language of cataloging | eng |
| Description conventions | rda |
| Transcribing agency | EG-ScBUE |
| Modifying agency | EG-ScBUE |
| 043 ## - GEOGRAPHIC AREA CODE | |
| Geographic area code | e-uk-st |
| 082 04 - DEWEY DECIMAL CLASSIFICATION NUMBER | |
| Classification number | 821.6 |
| Item number | BUR |
| Edition number | 22 |
| 100 1# - MAIN ENTRY--PERSONAL NAME | |
| Personal name | Burns, Robert, |
| Dates associated with a name | 1759-1796, |
| Relator term | author. |
| 245 04 - TITLE STATEMENT | |
| Title | The poems of Robert Burns 1759-1796. |
| 264 #1 - PUBLICATION, DISTRIBUTION, ETC. (IMPRINT) | |
| Place of publication, distribution, etc | London ; |
| -- | Glascow : |
| Name of publisher, distributor, etc | Collins, |
| Date of publication, distribution, etc | [date of publication not identified] |
| 300 ## - PHYSICAL DESCRIPTION | |
| Extent | 648 pages ; |
| Dimensions | 16 cm |
| 336 ## - CONTENT TYPE | |
| Source | rdacontent |
| Content type term | text |
| Content type code | txt |
| 337 ## - MEDIA TYPE | |
| Source | rdamedia |
| Media type term | unmediated |
| Media type code | n |
| 338 ## - CARRIER TYPE | |
| Source | rdacarrier |
| Carrier type term | volume |
| Carrier type code | nc |
| 500 ## - GENERAL NOTE | |
| General note | Includes glossary. |
| 650 #7 - SUBJECT ADDED ENTRY--TOPICAL TERM | |
| Topical term or geographic name as entry element | Children's poetry, English. |
| Source of heading or term | BUEsh |
| 651 #7 - SUBJECT ADDED ENTRY--GEOGRAPHIC NAME | |
| Geographic name | Scotland |
| Form subdivision | Poetry. |
| Source of heading or term | BUEsh |
| 9 (RLIN) | 34053 |
| 653 ## - INDEX TERM--UNCONTROLLED | |
| Resource For college | Generalities |
| Arrived date list | September2017 |
| 655 ## - INDEX TERM--GENRE/FORM | |
| Form subdivision | Reading book |
| 9 (RLIN) | 34232 |
| 942 ## - ADDED ENTRY ELEMENTS (KOHA) | |
| Source of classification or shelving scheme | Dewey Decimal Classification |
| Koha item type | Book - Borrowing |
| Withdrawn status | Lost status | Damaged status | Not for loan | Home library | Current library | Shelving location | Date acquired | Source of acquisition | Total Checkouts | Total Renewals | Full call number | Barcode | Date last seen | Date checked out | Price effective from | Koha item type |
|---|---|---|---|---|---|---|---|---|---|---|---|---|---|---|---|---|
| Central Library | Central Library | Second Floor | 07/03/2013 | Purchase | 2 | 2 | 821.6 BUR | 000001203 | 15/07/2025 | 28/03/2012 | 13/03/2007 | Book - Borrowing |